000 00735nam a2200229Ia 4500
003 OSt
005 20220923212507.0
006 a|||||r|||| 00| 0
007 ta
008 220922b |||||||| |||| 00| 0 hin d
024 _a153,552
037 _cTextual
040 _aARTS
_cARTS
_bhin
041 _2hin
_ahin
082 _aO152v:N5, J5-;4
100 _aद्विवेदी, हजारीप्रसाद
245 0 _aहिन्दी साहित्य
_b उद्भव और विकास
246 _aHindī sāhitya: udbhav aur vikāsa
260 _c1955
942 _hO152v:N5, J5-;4
_cTEXL
_2CC
999 _c309193
_d309193